| 000 | 00677nam a2200205 a 4500 | ||
|---|---|---|---|
| 001 | 000015594 | ||
| 005 | 20240530073918.0 | ||
| 008 | 100215s199u dr r 000 f spa d | ||
| 040 |
_aDO-SdBNP _bspa _cBNPHU |
||
| 082 |
_aRD863.44 _bM538h |
||
| 100 | 1 |
_aMéndez, José Abrahán _d1965- _980412 |
|
| 245 | 1 | 4 |
_aLos hijos de Machepa / _cJosé Abrahán Méndez. |
| 260 |
_a[Santo Domingo] : _b[s. n.], _c[19--]. |
||
| 300 |
_a228 p. ; _c21 cm. |
||
| 500 | _aIncluye datos biográficos del autor en la contracubierta. | ||
| 590 | _aInventariado, 2019/BT | ||
| 650 | 0 |
_aNovela dominicana _9223 |
|
| 650 | 0 |
_aLiteratura dominicana. _967 |
|
| 910 | _aValidado. Control de calidad MFF | ||
| 999 |
_c15149 _d15149 |
||